Republic of Armenia : Fourth Reviews Under the Extended Fund Facility and Extended Credit Facility: Staff Report; Informational Annex; Press Release on the Executive Board Discussion.

This paper discusses findings of the Fourth Review of Armenia's economic performance under a program supported by Extended Fund Facility and Extended Credit Facility Arrangements. Adherence to the policies agreed under the IMF-supported program has played an important role in helping Armenia re...

Full beskrivning

Bibliografiska uppgifter
Institutionell upphovsman: International Monetary Fund
Materialtyp: Tidskrift
Språk:English
Publicerad: Washington, D.C. : International Monetary Fund, 2012.
Serie:IMF Staff Country Reports; Country Report ; No. 2012/153
Länkar:Full text available on IMF
LEADER 01744cas a2200241 a 4500
001 AALejournalIMF011949
008 230101c9999 xx r poo 0 0eng d
020 |c 5.00 USD 
020 |z 9781475504866 
022 |a 1934-7685 
040 |a BD-DhAAL  |c BD-DhAAL 
110 2 |a International Monetary Fund. 
245 1 0 |a Republic of Armenia :   |b Fourth Reviews Under the Extended Fund Facility and Extended Credit Facility: Staff Report; Informational Annex; Press Release on the Executive Board Discussion. 
264 1 |a Washington, D.C. :  |b International Monetary Fund,  |c 2012. 
300 |a 1 online resource (65 pages) 
490 1 |a IMF Staff Country Reports 
500 |a <strong>Off-Campus Access:</strong> No User ID or Password Required 
500 |a <strong>On-Campus Access:</strong> No User ID or Password Required 
506 |a Electronic access restricted to authorized BRAC University faculty, staff and students 
520 3 |a This paper discusses findings of the Fourth Review of Armenia's economic performance under a program supported by Extended Fund Facility and Extended Credit Facility Arrangements. Adherence to the policies agreed under the IMF-supported program has played an important role in helping Armenia restore solid growth. The 2011 fiscal deficit was well below program targets, reflecting restrained spending. The deficit is likely to be moderately higher in 2012, but still in line with the program, and with higher expected revenues allowing for increases in priority spending. 
538 |a Mode of access: Internet 
830 0 |a IMF Staff Country Reports; Country Report ;  |v No. 2012/153 
856 4 0 |z Full text available on IMF  |u http://elibrary.imf.org/view/journals/002/2012/153/002.2012.issue-153-en.xml  |z IMF e-Library